| 000 | 01761cam a22004934i 4500 | ||
|---|---|---|---|
| 003 | PE-LiUPU | ||
| 005 | 20250731165458.0 | ||
| 008 | 150623s r 000 0 d | ||
| 020 | _a0310226953 | ||
| 035 | _a(Sirsi) i9780310226956 | ||
| 040 |
_aPE-LiUPU _bspa _cPE-LiUPU _erda |
||
| 049 | _aPRUA | ||
| 082 | 0 | 4 |
_a487.4 _bT79C _221 |
| 100 | 1 |
_aTrenchard, Warren Charles, _eautor. |
|
| 245 | 1 | 0 |
_aComplete vocabulary guide: to the greek New Testament / _cWarren C. Trenchard. |
| 264 | 1 |
_aMichigan : _bZondervan Publishing House, _c1998. |
|
| 300 |
_a340 páginas ; _c24 centímetros |
||
| 336 |
_atext _2rdacontent |
||
| 337 |
_aunmediated _2rdamedia |
||
| 338 |
_avolume _2rdacarrier |
||
| 505 | 0 | _aCognate word groups. -Frecuency list of words. -Principal parts of verbs. -Proper words. -Other lists. -Index of words. | |
| 526 | _aSEG44 | ||
| 526 | _aSEG26 | ||
| 526 | _aP151 | ||
| 526 | _aP150 | ||
| 526 | _aP149 | ||
| 526 | _aP146 | ||
| 526 | _aP145 | ||
| 526 | _aP126 | ||
| 526 | _aP125 | ||
| 526 | _aP92 | ||
| 526 | _aP75 | ||
| 526 | _aP74 | ||
| 526 | _aP27 | ||
| 526 | _aP15 | ||
| 630 |
_aBiblia. _pN.T. _xLenguaje, estilo. |
||
| 650 | 0 | 4 |
_aGriego bíblico _vVocabulario. |
| 942 |
_2ddc _cBOOK |
||
| 949 |
_aRC 487.4 T79C _wDEWEY _c1 _i45334 _lCCODEBUL1 _mBUL _r0 _sY _tBOOK _u2015-6-24 _xTEOLOGIA _PP35 _0COMPRA _o.CIRCNOTE. No olvidar cambiar la fecha de devolución!!!!!!! _o.STAFF. Colección General |
||
| 994 |
_aC0 _bPEPRU |
||
| 596 | _a1 | ||
| 999 |
_aRC 487.4 T79C _wDEWEY _c22195 _i45334 _d22195 _f2021-11-8 _g5 _lCCODEBUL1 _mBUL _q2 _r1 _sY _tBOOK _u2015-6-24 _xTEOLOGIA _PP35 _0COMPRA _o.CIRCNOTE. No olvidar cambiar la fecha de devolución!!!!!!! _o.STAFF. Colección General |
||
| 980 |
_81 _gALBERTO SANCHEZ Responsable de Automatización |
||